| 000 | 00741nam a2200253Ia 4500 | ||
|---|---|---|---|
| 005 | 20240115114307.0 | ||
| 008 | 131103s9999 xx 000 0 und d | ||
| 020 | _a070690393 5 | ||
| 040 | _aLoreto College | ||
| 041 | _aEnglish | ||
| 082 |
_a327.1(I) _bNAN |
||
| 245 |
_aIndian Foreign Policy _b the Nehru years _cedited by B.R.Nanda |
||
| 260 |
_aDelhi _bVikas Publishing House _cc 1976 |
||
| 300 | _aix, 279 p. | ||
| 504 | _aIncludes bibliographical references and index | ||
| 630 | _aIndia - Foreign Policy, 1947 - 64 | ||
| 630 | _aInternational Relations | ||
| 630 | _aPolitical Science | ||
| 650 | _aNehru, Jawaharlal, 1889 - 1964 | ||
| 651 | _aPolitics | ||
| 700 | _aNanda, B.R.,ed. | ||
| 850 | _aLCLIB | ||
| 942 | _cBK | ||
| 999 |
_c2755 _d53234 |
||